[Event "Oslo OSS-ch Junior-A"]
[Site "Oslo"]
[Date "2020.06.24"]
[Round "3"]
[White "Kreken, Eivind Grunt"]
[Black "Solaas, Timian Martinius Ma"]
[Result "0-1"]
[WhiteElo "1862"]
[BlackElo "1822"]
[PlyCount "60"]
[EventDate "2020.06.24"]
[EventType "swiss"]
[EventRounds "5"]
[EventCountry "NOR"]
[SourceTitle "EXT 2024"]
[Source "ChessBase"]
[SourceDate "2023.10.10"]
[SourceVersion "1"]
[SourceVersionDate "2023.10.10"]
[SourceQuality "1"]

1. e4 d6 2. d4 Nf6 3. Nc3 c6 4. f4 Qa5 5. Bd3 e5 6. Nf3 exd4 7. Nxd4 g6 8. 0-0 Bg7 9. Kh1 0-0 10. Be3 b5 11. Nb3 Qc7 12. a4 b4 13. Na2 a5 14. c3 c5 15. e5 dxe5 16. Bxc5 Rd8 17. fxe5 Ng4 18. Qe2 Nxe5 19. Be4 Ba6 20. Qe3 Nbd7 21. Rfd1 Ng4 22. Qg1 Nxc5 23. Nxc5 Qf4 24. Rf1 Bxf1 25. Rxf1 Qh6 26. Bxa8 Be5 27. g3 Rd2 28. Bg2 Bxg3 29. h3 Bf2 30. Rxf2 Nxf2+ 0-1

[Event "Kragero op-B"]
[Site "Kragero"]
[Date "2020.02.21"]
[Round "5"]
[White "Solaas, Timian Martinius Ma"]
[Black "Strand, Amund Pihl"]
[Result "1-0"]
[WhiteElo "1741"]
[BlackElo "1806"]
[PlyCount "73"]
[EventDate "2020.02.19"]
[EventType "swiss"]
[EventRounds "9"]
[EventCountry "NOR"]
[SourceTitle "CBM 195 Extra"]
[Source "ChessBase"]
[SourceDate "2020.05.31"]
[SourceVersion "1"]
[SourceVersionDate "2020.05.31"]
[SourceQuality "1"]

1. e4 c5 2. Nf3 e6 3. c4 Nc6 4. d4 cxd4 5. Nxd4 a6 6. Be3 Nf6 7. Nc3 Qc7 8. Be2 Be7 9. 0-0 h5 10. f4 d6 11. Rc1 Bd7 12. Bf3 g6 13. Qd2 Rc8 14. h3 h4 15. f5 Ne5 16. fxe6 fxe6 17. Be2 Nh5 18. Bxh5 Rxh5 19. b3 Qd8 20. Qf2 Rh7 21. Qe2 Bg5 22. Nf3 Bf6 23. Nxe5 Bxe5 24. Qg4 Rg7 25. Rf3 Bf6 26. e5 dxe5 27. Ne4 Be7 28. Rd1 Qc7 29. Nf6+ Bxf6 30. Rxf6 Qa5 31. Rxe6+ Kf8 32. Rf6+ Kg8 33. Rxd7 Qe1+ 34. Rf1 Qxe3+ 35. Kh1 Rxd7 36. Qxd7 Qc5 37. Rf7 1-0

[Event "NOR-ch U14"]
[Site "Larvik"]
[Date "2019.07.07"]
[Round "3"]
[White "Solaas, Timian Martinius Ma"]
[Black "Ihlen, Sivert"]
[Result "0-1"]
[WhiteElo "1779"]
[BlackElo "1580"]
[PlyCount "106"]
[EventDate "2019.07.05"]
[EventType "swiss"]
[EventRounds "9"]
[EventCountry "NOR"]
[SourceTitle "EXT 2024"]
[Source "ChessBase"]
[SourceDate "2023.10.10"]
[SourceVersion "1"]
[SourceVersionDate "2023.10.10"]
[SourceQuality "1"]

1. d4 Nf6 2. c4 g6 3. Nc3 Bg7 4. e4 d6 5. f3 0-0 6. Be3 c5 7. Nge2 Nc6 8. Qd2 Qa5 9. g4 a6 10. dxc5 dxc5 11. Nd5 Qxd2+ 12. Kxd2 Rd8 13. Kc2 Nxd5 14. cxd5 Nb4+ 15. Kb3 b6 16. Nc3 a5 17. a3 a4+ 18. Nxa4 Rxa4 19. Bb5 Ra5 20. axb4 Rxb5 21. Bd2 cxb4 22. Be3 e6 23. Ra8 Ra5 24. Rb8 Be5 25. Bxb6 Bxb8 26. Rc1 Bf4 27. Bxa5 Bxc1 28. Bxd8 exd5 29. exd5 Kf8 30. Kxb4 Bxb2 31. Kb3 Be5 32. h4 Ke8 33. Bg5 Kd7 34. Kc2 Bb7 35. Kd3 Bxd5 36. f4 Bc7 37. f5 Bf3 38. fxg6 hxg6 39. h5 gxh5 40. gxh5 Bxh5 41. Ke3 Ke6 42. Kf2 Kf5 43. Be3 Ke4 44. Ba7 f5 45. Bc5 f4 46. Ba7 Be5 47. Kf1 Kf3 48. Bb6 Be8 49. Bc5 Bb5+ 50. Ke1 Kg2 51. Bb6 f3 52. Bc5 Bg3+ 53. Kd2 Bf2 0-1

[Event "Nordstrand GP B"]
[Site "Oslo"]
[Date "2019.04.06"]
[Round "2"]
[White "Dale, Svein"]
[Black "Solaas, Timian Martinius Ma"]
[Result "1/2-1/2"]
[WhiteElo "1797"]
[BlackElo "1642"]
[PlyCount "51"]
[EventDate "2019.04.05"]
[EventType "swiss"]
[EventRounds "5"]
[EventCountry "NOR"]
[SourceTitle "EXT 2024"]
[Source "ChessBase"]
[SourceDate "2023.10.10"]
[SourceVersion "1"]
[SourceVersionDate "2023.10.10"]
[SourceQuality "1"]

1. e4 e6 2. d4 d5 3. Bd3 Nf6 4. e5 Nfd7 5. Nf3 c5 6. c3 Nc6 7. 0-0 Be7 8. Be3 c4 9. Bc2 b5 10. b4 a5 11. bxa5 Qxa5 12. Ng5 b4 13. cxb4 Nxb4 14. a3 Nxc2 15. Qxc2 h6 16. Nf3 0-0 17. Bd2 Qa6 18. Nc3 Bb7 19. a4 Bc6 20. h3 Rfb8 21. Ra2 Rb3 22. Rfa1 Rab8 23. a5 Nf8 24. Na4 Bxa4 25. Rxa4 Rb2 26. Qc1 1/2-1/2

[Event "Stjernen NGP B"]
[Site "Oslo"]
[Date "2018.06.10"]
[Round "5"]
[White "Solaas, Timian Martinius Ma"]
[Black "Gaudernack, Henrik Egeland"]
[Result "1/2-1/2"]
[WhiteElo "1354"]
[BlackElo "1636"]
[PlyCount "124"]
[EventDate "2018.06.08"]
[EventType "swiss"]
[EventRounds "6"]
[EventCountry "NOR"]
[SourceTitle "EXT 2024"]
[Source "ChessBase"]
[SourceDate "2023.10.10"]
[SourceVersion "1"]
[SourceVersionDate "2023.10.10"]
[SourceQuality "1"]

1. e4 e5 2. Nf3 Nc6 3. Bc4 Be7 4. c3 Nf6 5. d3 0-0 6. 0-0 d6 7. Re1 Be6 8. Bb5 Nd7 9. d4 exd4 10. cxd4 Bg4 11. Bxc6 bxc6 12. h3 Bh5 13. g4 Bg6 14. Qa4 c5 15. Nc3 cxd4 16. Nxd4 Nc5 17. Qd1 Bh4 18. Nf5 Re8 19. b4 Bf6 20. Bb2 Nxe4 21. Nxe4 Bxb2 22. Rb1 Bxf5 23. gxf5 Be5 24. Qh5 g6 25. Qg4 h5 26. Qg2 Kh8 27. fxg6 fxg6 28. Ng5 Qf6 29. h4 Rf8 30. Rb3 Rae8 31. Qf3 Qg7 32. Qd1 Qd7 33. Kg2 Rf4 34. Re4 Qc6 35. f3 d5 36. Rxf4 Bxf4 37. Qd4+ Be5 38. Nf7+ Kh7 39. Nxe5 Qc2+ 40. Kg3 Qxa2 41. Rc3 Re7 42. Qf4 Qa1 43. Qd4 Qe1+ 44. Kg2 Qxe5 45. Qxe5 Rxe5 46. Rxc7+ Kg8 47. Rxa7 Re2+ 48. Kg3 Rb2 49. Rd7 Rxb4 50. Rxd5 Kf7 51. Rd6 Kg7 52. Re6 Kf7 53. Ra6 Rc4 54. Rb6 Kg7 55. Rd6 Kf7 56. Rd5 Kf6 57. Rd8 Kf7 58. Rd5 Kf6 59. f4 Rc3+ 60. Kg2 Rc2+ 61. Kf3 Rc3+ 62. Kg2 Rc2+ 1/2-1/2